Reprezentacje na Mistrzostwach Świata 2010 - Statystyki

Ogólne statystyki
  • Ten quiz został rozwiązany 486 razy
  • Średni wynik to 24 z 32
Statystyki odpowiedzi
Grupa A % Poprawnych
Hiszpania
96%
Brazylia
95%
Argentyna
94%
Niemcy
94%
Portugalia
93%
Francja
92%
Anglia
89%
Holandia
89%
RPA
88%
Stany Zjednoczone
88%
Włochy
88%
Japonia
86%
Urugwaj
85%
Meksyk
82%
Korea Południowa
80%
Australia
78%
Szwajcaria
76%
Chile
73%
Ghana
69%
Dania
66%
Nigeria
65%
Grecja
64%
Słowacja
63%
Korea Północna
62%
Wybrzeże Kości Słoniowej
60%
Kamerun
59%
Serbia
59%
Paragwaj
54%
Słowenia
53%
Algieria
52%
Nowa Zelandia
52%
Honduras
46%
Nie znaleziono quizów pasujących do podanych kryteriów
Rozkład punktacji
Procent ludzi z każdym wynikiem
Percentyl według liczby udzielonych odpowiedzi
Twoja historia wyników
Nie rozwiązałeś tego quizu